| 000 | 00579cam a22001932 4500 | ||
|---|---|---|---|
| 001 | 0000009186 | ||
| 005 | 20151217152050.0 | ||
| 008 | 080910s xx 000 0 eng d | ||
| 020 |
_a8179924785 : _cKES 1835 |
||
| 040 |
_aKABU _cKABU |
||
| 100 | 1 |
_aLinfield, Robert F. _@0000160271 |
|
| 245 | 1 | 0 |
_aTelecommunications : _bpresent status and future trends / _cRobert F. Linfield. |
| 260 |
_aMumbai : _bJAICO, _c1995. |
||
| 300 | _aix, 169 p. | ||
| 650 | 0 |
_aTelecommunication. _@0000156321 |
|
| 908 | _a080910 | ||
| 950 | _@1 | ||
| 999 |
_c7817 _d7817 |
||